000 01335nac a22002891u 4500
008 090226t xxu||||| |||| 00| 0 eng d
010 _a 2004242089
020 _a9780135135440
035 _a(OCoLC)ocm55203885
082 _a658.84
_bTUR
100 _aTurban, Efraim.
245 0 0 _aElectronic commerce 2008:
_ba managerial perspective /
_cEfiraim Turban ...[et.al]
260 _aUpper Saddle River, N.J. :
_bPrentice Hall,
_cc2008.
300 _a910p. :
_bill. ;
_c26 cm.
500 _aPublished: New York, 2002; Peason/Prentice Hall, 2004-
500 _aLatest issue consulted: 2006.
650 0 _aElectronic commerce
650 0 _aElectronic commerce
_xManagement
650 0 _aInformation technology
_xManagement
_vPeriodicals.
650 0 _aBusiness enterprises
_xComputer networks
700 _aLee, Jae.
700 _aKing, David.
700 _aChung, H.Michael.
942 _cBB
_k658.84TUR
_2ddc
999 _c10965
_d10965